Les Fleurs du Mal - Statistiques

Statistiques générales
  • Ce quiz a été pris 118 fois
  • Le résultat moyen est 15 sur 117
Statistiques - réponses
Noms des poèmes % Correct
L’Albatros
74%
Spleen
71%
Une Charogne
47%
À une passante
44%
Le Chat
33%
L’Horloge
33%
Le Soleil
28%
Au Lecteur
27%
L’Invitation au Voyage
26%
Élévation
23%
Le Voyage
22%
À une Mendiante rousse
21%
Correspondances
21%
La Mort des Amants
20%
La Chevelure
19%
Hymne à la Beauté
17%
La Beauté
16%
Les Chats
15%
Les petites Vieilles
15%
Le Vampire
15%
Bénédiction
14%
L’Ennemi
14%
Les Aveugles
14%
Le Serpent qui danse
14%
Parfum Exotique
14%
La Musique
13%
Le Cygne
13%
Les sept Vieillards
13%
La Cloche fêlée
12%
La Mort des Pauvres
12%
Le Poison
12%
Le Vin des Amants
12%
Sed non Satiata
12%
À une Madone
10%
La Géante
10%
Le Guignon
10%
Le Mort joyeux
10%
Les Hiboux
10%
Le Vin de l’Assassin
10%
Alchimie de la Douleur
9%
Harmonie du Soir
9%
La Destruction
9%
La Fontaine de Sang
9%
La Muse Malade
9%
La Muse Vénale
9%
La Pipe
9%
Le Balcon
9%
Le Flacon
9%
L’Héautontimorouménos
9%
L’Homme et la Mer
9%
Paysage
9%
L’Âme du Vin
8%
La Mort des Artistes
8%
Le Goût du Néant
8%
Le Mauvais Moine
8%
Les Litanies de Satan
8%
Les Phares
8%
Sonnet d’automne
8%
Chant d’automne
7%
Don Juan aux Enfers
7%
La Vie Antérieure
7%
Le beau Navire
7%
Le Masque
7%
Le Reniement de Saint Pierre
7%
L’Idéal
7%
Réversibilité
7%
Sépulture
7%
Abel et Caïn
6%
À une Dame créole
6%
Brumes et Pluies
6%
Causerie
6%
Confession
6%
Femmes damnées
6%
La Fin de la Journée
6%
L’Aube spirituelle
6%
Le Flambeau vivant
6%
Le Possédé
6%
Le Vin du Solitaire
6%
L’Irréparable
6%
Remords posthume
6%
Semper Eadem
6%
Une Gravure fantastique
6%
Franciscæ meæ laudes
5%
Horreur sympathique
5%
Le Jeu
5%
Le Revenant
5%
Le Tonneau de la Haine
5%
Le Vin des Chiffonniers
5%
L’Irrémédiable
5%
Un Voyage à Cythère
5%
Bohémiens en Voyage
3%
Danse macabre
3%
Duellum
3%
Le Crépuscule du Soir
3%
Le Squelette laboureur
3%
Mœstra et errabunda
3%
Obsession
3%
Une Martyre dessin d’un Maître inconnu
3%
Allégorie
2%
Châtiment de l’orgueil
2%
Ciel brouillé
2%
La Béatrice
2%
L’Amour du Mensonge
2%
Le Crépuscule du Matin
2%
Rêve parisien
2%
Tout entière
2%
Un Fantôme
2%
Chanson d’après-midi
1%
Les deux bonnes Sœurs
1%
Prière
1%
Sisina
1%
Tristesse de la Lune
1%
L’Amour et le Crâne vieux cul-de-lampe
0%
Aucun quiz correspondant
Distribution des résultats
% des personnes avec chaque résultat
Percentile par nombre de réponses
Votre historique - résultats
Vous n’avez pas pris ce quiz